000 00682 a2200193 4500
001 31472
005 20260407155619.0
008 260407a1975 arg spa d
003 AR-UNSa-BCEJYS
040 _aAR-UNSa-BCEJYS
_bspa
_cAR-UNSa-BCEJYS
080 _a658.012.32
_xFormas de organización, de gestión
245 1 0 _aAdministración y organización
264 1 _aBuenos Aires :
_bEl Ateneo
_c1975
300 _a367 p.
_c23 cm.
505 _a1. Introducción - 2. Los ambientes de la organización - 3. Filosofía del diseño - 4. Puesta en práctica de la filosofía - 5. Conclusión
942 _cBK
590 _aniveau_biblio:m niveau_hierar:0
100 1 _aHodge, Billy J.
999 _c2179
_d2179